Statistics for Countries of Europe by Capital

Click here to take the quiz!

General Stats

  • This quiz has been taken 21 times
    (15 since last reset)
  • The average score is 45 of 46

Answer Stats

CapitalCountry% Correct
Andorra la VellaAndorra
100%
ViennaAustria
100%
BrusselsBelgium
100%
SofiaBulgaria
100%
ZagrebCroatia
100%
PragueCzech Republic
100%
CopenhagenDenmark
100%
TallinnEstonia
100%
HelsinkiFinland
100%
ParisFrance
100%
BerlinGermany
100%
AthensGreece
100%
BudapestHungary
100%
ReykajvikIceland
100%
DublinIreland
100%
RomeItaly
100%
VaduzLiechtenstein
100%
VilniusLithuania
100%
LuxembourgLuxembourg
100%
VallettaMalta
100%
Monaco-VilleMonaco
100%
AmsterdamNetherlands
100%
OsloNorway
100%
WarsawPoland
100%
LisbonPortugal
100%
BucharestRomania
100%
MoscowRussia
100%
San MarinoSan Marino
100%
BratislavaSlovakia
100%
LjubljanaSlovenia
100%
MadridSpain
100%
StockholmSweden
100%
BernSwitzerland
100%
KyivUkraine
100%
LondonUnited Kingdom
100%
Vatican CityVatican City
100%
TiranaAlbania
93%
MinskBelarus
93%
SarajevoBosnia and Herzegovina
93%
NicosiaCyprus
93%
PrishtinaKosovo
93%
SkopjeNorth Macedonia
93%
BelgradeSerbia
93%
RigaLatvia
87%
PodgoricaMontenegro
87%
ChisinauMoldova
80%

Score Distribution

Percentile by Number Answered

Percent of People with Each Score

Your Score History

You have not taken this quiz since the last reset